Populous Cities by Letter: Miami Metro Quiz Stats

 Plays Quiz not verified by Sporcle

Challenge
Share
Tweet
Score 0/59 Timer 10:00
0 Plays Today
% Correct
Miami
94.6%
Fort Lauderdale
93.2%
Hialeah
93.2%
West Palm Beach
87.8%
Miami Beach
86.5%
Hollywood
83.8%
Boca Raton
82.4%
North Miami
79.7%
Pembroke Pines
78.4%
Coral Gables
77%
Miami Gardens
75.7%
Pompano Beach
75.7%
Davie
70.3%
Boynton Beach
70.3%
North Miami Beach
70.3%
Coral Springs
68.9%
Deerfield Beach
68.9%
Miramar
68.9%
Jupiter
67.6%
Plantation
67.6%
Delray Beach
66.2%
Homestead
66.2%
Sunrise
64.9%
Weston
63.5%
South Miami
60.8%
Tamarac
59.5%
Lauderhill
55.4%
Aventura
54.1%
Key Biscayne
54.1%
North Lauderdale
52.7%
% Correct
Coconut Creek
51.4%
Lauderdale Lakes
50%
Wellington
50%
Palm Beach Gardens
48.6%
Hallandale Beach
47.3%
Hialeah Gardens
45.9%
Riviera Beach
45.9%
Doral
44.6%
Greenacres
44.6%
Oakland Park
44.6%
Royal Palm Beach
44.6%
Lake Worth
43.2%
Margate
43.2%
Cutler Bay
37.8%
Florida City
36.5%
North Palm Beach
36.5%
Cooper City
31.1%
Dania Beach
29.7%
Opa-locka
27%
Sunny Isles Beach
23%
Lantana
21.6%
Parkland
21.6%
Sweetwater
20.3%
Wilton Manors
16.2%
Lighthouse Point
13.5%
North Bay Village
13.5%
Bay Harbor Islands
12.2%
Tequesta
10.8%
West Park
9.5%

You're not logged in!

Compare scores with friends on all Sporcle quizzes.
Join for Free
OR
Log In

You Might Also Like...

Show Comments

Extras

Created Mar 16, 2015SourceReportNominate
Tags:counties

Top Quizzes Today


Score Distribution

Your Account Isn't Verified!

In order to create a playlist on Sporcle, you need to verify the email address you used during registration. Go to your Sporcle Settings to finish the process.

Report this User

Report this user for behavior that violates our Community Guidelines.

Details: